Statistics for Countries With a Unique Ending Letter by Continent

Click here to take the quiz!

General Stats

  • This quiz has been taken 34 times
  • The average score is 16 of 22

Answer Stats

LetterAnswer% Correct
LBrazil
89%
QIraq
89%
UPeru
89%
IHaiti
86%
HBangladesh
82%
EBelize
82%
KDenmark
82%
YTurkey
79%
CDominican Republic
75%
REcuador
75%
REl Salvador
75%
GLuxembourg
75%
LPortugal
75%
TKuwait
71%
LSenegal
71%
DChad
68%
ESingapore
68%
CCzech Republic
64%
MVietnam
64%
IBrunei
61%
DThailand
57%
UGuinea-Bissau
46%

Score Distribution

Percentile by Number Answered

Percent of People with Each Score

Your Score History

You have not taken this quiz